A munkahelyi stressz, avagy korunk népbetegsége

Bibliographic Details
Main Author: Nagy Anasztázia
Other Authors: Szászvári Dr. Karina Ágnes
Format: Project work
Kulcsszavak:stressz
munkahelyi stressz
stresszor
Online Access:http://dolgozattar.uni-bge.hu/11575

MARC

LEADER 00000nnm a2200000 i 4500
001 dolg11575
005 20170517092951.0
008 170517suuuu hu o 000 hun d
040 |a BGE Dolgozattár Repozitórium  |b hun 
041 |a hu 
100 1 |a Nagy Anasztázia 
245 1 2 |a A munkahelyi stressz, avagy korunk népbetegsége  |c Nagy Anasztázia  |h [elektronikus dokumentum] 
516 |a Project_work 
695 |a stressz 
695 |a munkahelyi stressz 
695 |a stresszor 
700 1 |a Szászvári Dr. Karina Ágnes  |e ths 
856 4 0 |u http://dolgozattar.uni-bge.hu/11575/1/Nagy%20Anaszt%C3%A1zia.pdf  |z Dokumentum-elérés 
856 4 0 |u http://dolgozattar.uni-bge.hu/11575/2/Nagy%20Anaszt%C3%A1zia_titkos%C3%ADt%C3%A1si%20k%C3%A9relem.pdf  |z Dokumentum-elérés